00613 a2200193 450000100060000002000180000604000240002410000180004824000380006624500330010430000060013736200090014344000120015265000310016494200070019595201040020295200960030699900170040246667 a9788516028411 cAnchieta - Aquarius aMayhew, James10aÉrica e os impressionistaslpor10aÉrica e os impressionistas a 0 a2001 1aModerna 4aLiteratura infanto-juvenil cBK 00104070a87.1b87.1d2023-11-21l0o028.5 MAY ERIp4709/AQUr2023-11-21 15:13:18w2023-11-21yBK 00102ddc4070a57.2b57.2d2024-07-02l0pif416r2024-07-02 17:40:31w2024-07-02yBKzEu c46667d46667